|
|
|
|
| LEADER |
00000nab a2200000 ar4500 |
| 001 |
vtls010351869 |
| 003 |
SK-MaSNL |
| 005 |
20260305044658.0 |
| 008 |
171109c2012 xo wr|p|||||||000 b|slo |
| 015 |
|
|
|a SNBRB2008
|2 pppk
|
| 038 |
|
|
|a PPPK
|
| 040 |
|
|
|a PPPKCL
|b slo
|c PPPKCL
|e AACR2
|
| 041 |
0 |
|
|a slo
|
| 044 |
|
|
|a xo
|c SK
|
| 080 |
|
|
|a 796.966
|2 2001
|
| 245 |
0 |
0 |
|a Tréningová hokejová hala predsa len bude?
|c [autor] (sita)
|
| 650 |
0 |
7 |
|a šport
|2 snkbucl
|9 1042
|
| 650 |
0 |
7 |
|a hokej
|2 pppkcl
|9 3232
|
| 650 |
0 |
7 |
|a zimné štadióny
|2 pppkcl
|9 76138
|
| 651 |
|
7 |
|a Poprad (Slovensko)
|2 pppkcl
|9 20155
|
| 773 |
0 |
|
|t Podtatranský kuriér
|g Roč. II, č. 8 (2012), s. 14
|
| 852 |
|
|
|a PPPK
|b KIS3GCP
|
| 999 |
|
|
|c 3359949
|d 3361879
|